| 000 | 00970nam a2200205Ia 4500 | ||
|---|---|---|---|
| 999 |
_c38165 _d38165 |
||
| 001 | 4155 | ||
| 003 | GE_BSU | ||
| 005 | 20190923165108.0 | ||
| 008 | 181216s1985||||ge |||||||||||||| ||geo|| | ||
| 040 | _cGE_BSU | ||
| 041 | _ageo | ||
| 080 | _a39(479.223) ს–24 | ||
| 245 |
_a სამხრეთ-დასავლეთ საქართველოს ეთნოლოგიის პრობლემები : _b N 11. კულტურა და ყოფა / _cრედაქტორი: ალ. რობაქიძე. |
||
| 264 |
_a თბილისი : _bმეცნიერება, _c1985. |
||
| 300 |
_a124 გვ. ; _b21 სმ. |
||
| 653 | _aსაქართველოს ეთნოლოგიის პრობლემები | ||
| 653 | _aსაქართველოს კულტურა და ყოფა | ||
| 700 |
_aრობაქიძე, ალ. _eრედაქტორი _94249 |
||
| 942 |
_cBK _2udc |
||